000 00660cam a2200241 4500500
005 20260329002924.0
041 _afre
042 _adc
100 1 0 _aLegros, Martin
_eauthor
245 0 0 _aOuvrons la perspective
260 _c2014.
500 _a39
690 _aBrunelleschi
690 _aCartes
690 _aDürer
690 _aGéographie
690 _aGunnar Olsson
690 _aLacan
690 _amappa mundi
690 _aPerspective
786 0 _nPhilosophie magazine | 77 | 3 | 2014-03-01 | p. 17-17 | 1951-1787
856 4 1 _uhttps://shs.cairn.info/magazine-philosophie-magazine-2014-3-page-17?lang=fr&redirect-ssocas=7080
999 _c1819686
_d1819686